Phong trào Nghĩa hội Quảng Nam = Lịch sử Cần Vương tại Quảng Nam /

Đã lưu trong:
Bibliografiske detaljer
Hovedforfatter: Nguyễn Sinh Duy
Format: Sách giấy
Sprog:Vietnamese
Udgivet: Đà Nẵng : Đà Nẵng , 1996
Tags: Tilføj Tag
Ingen Tags, Vær først til at tagge denne postø!
Thư viện lưu trữ: Thư viện Trường Đại học Đà Lạt
LEADER 00641nam a2200253 4500
001 DLU020014770
005 ##7/7/2000
020 # # |a 978- 
041 # # |a vie 
082 # # |a 959.703  |b NG-D 
090 # # |a 959.703  |b NG-D 
100 # # |a Nguyễn Sinh Duy 
245 # # |a Phong trào Nghĩa hội Quảng Nam =  |b Lịch sử Cần Vương tại Quảng Nam /  |c Nguyễn Sinh Duy 
260 # # |a Đà Nẵng :  |b Đà Nẵng ,  |c 1996 
300 # # |a 408 tr.;   |c 19 cm. 
992 # # |a 32000 
994 # # |a DLU 
900 # # |a False 
911 # # |a Administrator 
925 # # |a G 
926 # # |a A 
927 # # |a SH 
980 # # |a Thư viện Trường Đại học Đà Lạt